| 000 | 00542nam a22001697a 4500 | ||
|---|---|---|---|
| 005 | 20251108170839.0 | ||
| 008 | 250721s1983 xx 000 0 ara d | ||
| 082 | 1 | 4 | _a218.9/وفا |
| 100 | 1 | _aالتفتازاني، بو الوفا الغنيمي | |
| 245 | 1 | 0 | _aمدخل إلى التصوف الإسلامي / |
| 264 | 1 |
_aالقاهرة : _bدار الثقافة للنشر والتوزيع، _c1983. |
|
| 300 | _a286ص | ||
| 650 | 1 | 7 | _aالفلسفة الاسلامية |
| 650 | 1 | 7 | _aالتصوف |
| 942 |
_2ddc _cBK |
||
| 999 |
_c50429 _d50429 |
||